Регионална библиотека "Любен Каравелов" - Русе

Кой е този цвят? (Запис номер 78924)

MARC детайли
000 -Лидер
Контролно поле с фиксирана дължина 01530nam a2200337 c 4500
003 - Код на организацията, давaща контролен номер
Контролно поле BLK
005 - Дата и час на последна редакция
Контролно поле 20240706005354.0
008 - Елементи от данни с фиксирана дължина
fixed length control field 180408b bul|||||r ||||||| ||bul||
010 ## - Наследен системен номер
LC control number KNG00083392000
020 ## - Международен стандартен номер на книга ISBN
Международен стандартен номер на книга ISBN 978-954-431-338-8
-- издат.: Златното пате
040 ## - Източник на каталожния запис
Идентификатор на билиотеката - собственик на записа BLK
041 ## - Код за език
Код за езика на текст/звукозапис или на отделно заглавие Български
Код за езика КДБФ Български
080 ## - УДК
Текстов определител УДК Руска литература
УДК код - определител по УДК 821.161.1
УДК определител -93-1
УДК - код + определител 821.161.1-93-1
080 ## - УДК
Текстов определител УДК Издания за деца и юноши. Книжки-картинки. Читанки. Вж и 372.4
УДК код - определител по УДК 087.5
УДК определител
УДК - код + определител 087.5
100 1# - Редна дума - Автор
Автор Корнеева, Олга Тихоновна
Авторска отговорност първи автор
R(LIN) 82487
139 ## - Редно поле
Редна дума Корнеева, Олга Тихоновна
Авторски знак Кор - К 85
245 10 - Сведения за заглавието
Заглавие Кой е този цвят?
Редно поле (дума) Олга Тихоновна Корнеева; прев. на стиховете Галина Златина; худож. Иля Владимирович Есаулов; * Галина Йорданова Златарева.
257 ## - Страна на издаване
Страна на създаване/издаване Русия
260 ## - Област на издателските данни
-- София
Име на издателя, разпространителя и проч. Златното пате
Година на издаване 2007
300 ## - Физическа характеристика
Страници 10 с.
Илюстрации и др. с цв. ил.
Размери/Мащаб 20 см
380 ## - Жанр
Жанр Детска худож. лит.
700 ## - Други автори (авторска отговорност)
Лично име Златарева, Галина Йорданова
Дати, свързани с автора 1954
9 (RLIN) 363759
700 1# - Други автори (авторска отговорност)
Лично име Есаулов, Иля Владимирович
Автороска отговорност (Описва отношението между автора и произведението) худож.
9 (RLIN) 372155
700 ## - Други автори (авторска отговорност)
Лично име Златарева, Галина Йорданова
Дати, свързани с автора 1954
9 (RLIN) 363759
852 ## - Местоположение
Форматна сигнатура Цб 239774
856 4# - Електронен адрес и достъп
Електронен формат pdf - файл
Път до файла /url/
856 4# - Електронен адрес и достъп
Електронен формат pdf - файл
Път до файла /url/
942 ## - АРТИКУЛИ
Вид на библиотечния материал Книги
Скрит в OPAC Не
Koha issues (borrowed), all copies 12
944 ## - СЪЗДАВАНЕ И РЕДАКЦИЯ на ЗАПИСА
Създаване/Редакция Създаване
Дата на регистрацията/редакция 21.04.2008
Служител, извършил регистрацията/редакцията
Статус, дата на статуса CRON CRON
944 ## - СЪЗДАВАНЕ И РЕДАКЦИЯ на ЗАПИСА
Създаване/Редакция Редакция
Дата на регистрацията/редакция 03.11.2008
Служител, извършил регистрацията/редакцията
999 ## - СИСТЕМНИ КОНТРОЛНИ НОМЕРА
Koha biblionumber 78924
Koha biblioitemnumber 78924
Наличности
Код за отписване Код за изгубен артикул Код за повреда Коз за рестрикции Код за отдаване Артикулен № Име на библиотеката - собственик Име на библиотеката, в която се намира в момента Статус (Текущо местоположение) Дата на вписване в системата Местоположение - отдел Цена в лева Инвентарен номер Систематично азбучна сигнатура Баркод Номер на екземпляра Цена в евро Служебна бележка Служебен тип на артикула Източник на класификационната схема
  Не е изгубен Не е повреден без рестрикции ползва се в читалня 127627 Регионална библиотека "Любен Каравелов" Русе Регионална библиотека "Любен Каравелов" Русе Хранилище 2008-04-21 Хранилище 3.90 120000725778 Цб 239774 120000725778 1 1.99 Дост: Dp Вид: Д N: 12 Дата: 20.02.2008 Книги  
  Не е изгубен Не е повреден без рестрикции заемане за дома 127628 Регионална библиотека "Любен Каравелов" Русе Регионална библиотека "Любен Каравелов" Русе Детски отдел 2008-10-03 Детски отдел 3.90 120000730157 ДХ 820/899/К 85 120000730157 2 1.99 Дост: Pk Вид: Ф N: 8544 Дата: 03.10.2008 Дата инв: 18.08.2015 Бележки инв: Д2015 Книги Universal Decimal Classification
Vip Innovations Ltd, Rousse, Bulgaria 2025